All Nations Represented in the 2024/25 Bundesliga - Statistics

General Stats
  • This quiz has been taken 62 times
    50 since last reset
  • The average score is 47 of 58
Answer Stats
Hint Answer % Correct
25 Austria
100%
8 Brazil
100%
7 Czechia
100%
16 Denmark
100%
32 France
100%
235 Germany
100%
5 Poland
100%
5 Serbia
100%
7 Sweden
100%
6 England
98%
5 Norway
98%
9 United States of America
98%
5 Argentina
95%
11 Belgium
95%
5 Portugal
95%
3 Spain
95%
12 Switzerland
95%
8 Türkiye
95%
1 Ukraine
95%
2 Finland
93%
4 Hungary
93%
3 Italy
93%
8 Japan
93%
3 Slovenia
93%
1 Canada
90%
13 Croatia
90%
10 Netherlands
90%
4 Slovakia
90%
4 South Korea
90%
4 Greece
88%
2 Scotland
88%
1 Wales
88%
4 Bosnia & Herzegovina
86%
2 Australia
83%
3 Algeria
81%
1 Morocco
81%
5 Nigeria
81%
1 Ghana
79%
2 Tunisia
79%
1 Iceland
76%
2 Guinea
74%
2 Luxembourg
74%
4 Mali
74%
1 Ecuador
71%
2 Kosovo
71%
1 Togo
71%
1 Israel
69%
1 Estonia
67%
1 Côte d'Ivoire
64%
1 Democratic Republic of The Congo
64%
1 Georgia
52%
1 Benin
48%
1 Costa Rica
48%
1 Syria
43%
1 The Gambia
43%
2 Burkina Faso
40%
1 Philippines
26%
1 Guadalupe
10%
No matching quizzes found
Score Distribution
Percent of People with Each Score
Percentile by Number Answered
Your Score History
You have not taken this quiz since the last reset